Statistics for Duolingo- Most Popular Language and Second Most Popular Language

Click here to take the quiz!

General Stats

  • This quiz has been taken 42 times
  • The average score is 18 of 30

Answer Stats

HintAnswer% Correct
MOST POPULARGuyanaSpanish
100%
CubaEnglish
82%
Dem. Rep. CongoEnglish
82%
RussiaEnglish
82%
CanadaFrench
82%
South SudanFrench
76%
DenmarkSpanish
76%
IrelandIrish
74%
AustraliaSpanish
74%
SloveniaGerman
71%
SwedenSwedish
71%
MyanmarJapanese
65%
2ND MOST POPULARFinlandSwedish
62%
VietnamChinese
59%
LuxembourgEnglish
56%
Sri LankaFrench
56%
RussiaGerman
53%
ArgentinaItalian
53%
AzerbaijanRussia
53%
SenegalSpanish
53%
NigeriaSpanish
53%
IndiaHindi
50%
BhutanKorean
50%
BoliviaPortuguese
50%
JapanJapanese
47%
PhilipinesKorean
47%
DenmarkDanish
44%
MongoliaKorean
41%
TanzaniaSwahili
38%
SomaliaTurkish
21%

Score Distribution

Percentile by Number Answered

Percent of People with Each Score

Your Score History

You have not taken this quiz